| 000 | 00472nam a22001337a 4500 | ||
|---|---|---|---|
| 005 | 20241007105009.0 | ||
| 008 | 241007b |||||||| |||| 00| 0 eng d | ||
| 100 |
_aQuinsay, Rommel R. _eauthor. _962425 |
||
| 245 |
_aTiwala sa sarili, susi sa tagumpay / _cRommel R. Quinsay. |
||
| 260 |
_aPhilippines: _bPublishers Association of the Philippines, Inc., _cMarch 2019. |
||
| 300 | _aVolume 66, pages 385. | ||
| 700 |
_aQuinsay, Rommel R. _eauthor. _962426 |
||
| 942 |
_2ddc _cPER |
||
| 999 |
_c22295 _d22295 |
||